00219nam a2200097Ia 4500008004100000082001400041100001700055245002100072260002000093600000800113241002s9999 xx 000 0 und d a792.1 SHA aShaw Bernand 0aPlays Unpleasant aNew York:c1970 aArt